000 00465 a2200169 4500
003 OSt
005 20231004161643.0
008 231004b |||||||| |||| 00| 0 eng d
020 _a9788172869687
040 _coclc
082 _a410
_bRAO/L
100 _aRao, Madhukar N
_99663
245 _aA LITERARY SALAD /
_cN Madhukar Rao
260 _aBengaluru:
_bPrism books,
_c2015.
300 _a431 p
942 _2ddc
_cBK
_h410
_iRAO/L
_k410
_mRAO/L
999 _c42528
_d42528